| 000 | 01142cam a22003377a 4500 | ||
|---|---|---|---|
| 001 | 000091620 | ||
| 003 | CHAP | ||
| 005 | 20220329142816.0 | ||
| 008 | 040224d2002 mx d r 00110 spa d | ||
| 010 | _a88087 | ||
| 011 | _a89059 | ||
| 035 | _a99608 | ||
| 040 | _cCHAP | ||
| 090 | _aFolleto 16727 | ||
| 100 | 0 | 0 |
_aAleman Suarez, Jorge Dario. _93793 |
| 245 | 1 | 0 |
_aManual de organización de la subdirección de planes y programas de estudio / _cpor Jorge Darío Alemán Suárez. |
| 260 |
_aChapingo, Méx. : _bUACH. Unidad de Planeación, Organización y Métodos, _c2002. |
||
| 300 |
_a34 h. : _bcuadros ; anexo. |
||
| 590 |
_aBATCH-UPD _b10 _c20130110 _lUCH01 _h1936 |
||
| 590 |
_aBATCH-UPD _b10 _c20130410 _lUCH01 _h1300 |
||
| 590 |
_aBATCH-UPD _b10 _c20130914 _lUCH01 _h1744 |
||
| 590 |
_aCONVERSION _b10 _c20130109 _lUCH01 _h1349 |
||
| 590 |
_aE5995AHE _b05 _c20150216 _lUCH01 _h1021 |
||
| 650 | 1 | 4 |
_aManuales de organización. _970673 |
| 650 | 1 | 4 |
_aOrganización. _983533 |
| 901 | _aBK | ||
| 905 | _aMarco A. Mendoza T. | ||
| 942 | _cFOLL | ||
| 942 | _n0 | ||
| 949 |
_aFolleto 16727 _bBC _cUACH _d33724002001488 _eUACH _gDonaciØn _i99608 _sb |
||
| 999 |
_c88087 _d88087 |
||